A Data Mesh és Data Governance bevezetése egy közepes méretű vállalkozás életébe
| Main Author: | |
|---|---|
| Other Authors: | |
| Format: | Students’ Scientific Association paper |
| Kulcsszavak: | adatérettség adatgazda adatkezelés adatminőség adatöröklés architektúra Data Governance domain klasszifikáció középvállalat üzleti szótár vállalati modellek |
| Online Access: | http://dolgozattar.uni-bge.hu/60435 |
MARC
| LEADER | 00000nta a2200000 i 4500 | ||
|---|---|---|---|
| 001 | dolg60435 | ||
| 005 | 20260416073706.0 | ||
| 008 | 260416suuuu hu o 000 hun d | ||
| 040 | |a BGE Dolgozattár Repozitórium |b hun | ||
| 041 | |a hu | ||
| 100 | 1 | |a Csatári Levente | |
| 245 | 1 | 2 | |a A Data Mesh és Data Governance bevezetése egy közepes méretű vállalkozás életébe |c Csatári Levente |h [elektronikus dokumentum] |
| 516 | |a Students_Scientific_Association_paper | ||
| 520 | 3 | |a Dolgozatomban a Data Mesh nevű adatkezelési modellt, ezen belül a Data Governance aspektusát szeretném letesztelni egy közepes méretű vállalkozás életében. Tudomásom szerint ez az első olyan magyar nyelvű tudományos kutatás, amely kifejezetten a Data Mesh vállalati bevezetését vizsgálja. A kutatásom kérdése: „Milyen szervezeti és technológiai előnyöket kínál a Data Mesh és a Data Governance középvállalatok számára, és miként járulhat hozzá ezek hatékony bevezetése az üzleti működéshez?”. Ennek a fő kérdésnek megválaszolásához 3 gyakori adatproblémának a megoldását igyekszem kidolgozni használati eset módon egy fiktív cégnek két osztályára összpontosítva. Emellett két hipotézist definiáltam, aminek a saját gyakorlati tapasztaltaim és az elmélet összessége fog konklúzív választ adni.A dolgozat fő kutatási kérdésének megválaszolásához alkalmazott, értékelő jellegű kvalitatív esettanulmányt alkalmazok, amelyben egy fiktív vállalat példáján keresztül szimulálom egy szervezeti Data Mesh modell kialakítását. Az esettanulmány során a Data Mesh-t nemcsak szervezeti szinten, hanem technológiai oldalról is megvalósítom, az adatbázis-kezelés és egy Data Governance eszköz integrációjának segítségével.Esettanulmányom során a három használati esetre való megoldást definiáltam Data Mesh szemszögből, szervezetileg megfelelően átalakítottam őket, alkalmaztam architektúrális átalakításokat, ahol szükséges volt, majd Governance szempontból is kidolgoztam őket.Eredményeimmel és a Data Mesh által kínált megoldásokkal összességében elégedett vagyok. A három használati eset kidolgozását teljes körűen sikerült megvalósítanom, és bár a Governance eszköz alkalmazása során néhány hiányosságot is feltártam, ezek nem befolyásolták jelentősen a kutatás sikerét. A vállalaton belül szimulált változások értékelése, valamint a két hipotézis kidolgozása alapján arra a következtetésre jutottam, hogy a Data Mesh egy közepes méretű vállalat számára kiváló megoldást kínálhat az adatkezelés fejlesztésére és az adatérettség növelésére. Ugyanakkor fontos számolni az implementáció magas költségeivel, az új szerepkörök bevezetéséből fakadó menedzsment-feladatokkal és az ezekhez kapcsolódó szervezeti kihívásokkal. E problémákra azonban egy megfelelően bevezetett Governance eszköz, valamint a jövőben várható AI-alapú fejlesztések és automatizmusok ígéretes megoldást kínálhatnak, megkönnyítve a Data Mesh bevezetését és a folyamatos governance-folyamatok hatékony működtetését. | |
| 695 | |a adatérettség | ||
| 695 | |a adatgazda | ||
| 695 | |a adatkezelés | ||
| 695 | |a adatminőség | ||
| 695 | |a adatöröklés | ||
| 695 | |a architektúra | ||
| 695 | |a Data Governance | ||
| 695 | |a domain | ||
| 695 | |a klasszifikáció | ||
| 695 | |a középvállalat | ||
| 695 | |a üzleti szótár | ||
| 695 | |a vállalati modellek | ||
| 700 | 1 | |a Kovács Dr. Endre László |e ths | |
| 856 | 4 | 0 | |u http://dolgozattar.uni-bge.hu/60435/1/csatari_levente_data_mesh_tdk_dolgozat.pdf |z Dokumentum-elérés |
| 856 | 4 | 0 | |u http://dolgozattar.uni-bge.hu/60435/2/nyilatkozat_nyilvanos_munkarol_csatari_levente.pdf |z Dokumentum-elérés |
| 856 | 4 | 0 | |u http://dolgozattar.uni-bge.hu/60435/3/Csatari_Levente_PSZK_rezume.docx |z Dokumentum-elérés |
| 856 | 4 | 0 | |u http://dolgozattar.uni-bge.hu/60435/4/Csatari_Levente_PSZK_rezume.pdf |z Dokumentum-elérés |
| 856 | 4 | 0 | |u http://dolgozattar.uni-bge.hu/60435/5/csatari_levente_szerzoi_hozzajarulas_nyilatkozat.pdf |z Dokumentum-elérés |
| 856 | 4 | 0 | |u http://dolgozattar.uni-bge.hu/60435/6/TDK_Dolgozat_biralat_Csat%C3%A1ri_Levente.pdf |z Dokumentum-elérés |
| 856 | 4 | 0 | |u http://dolgozattar.uni-bge.hu/60435/7/05_Dolgozat_biralati_lap_2025_HU%20%C3%9AJ%20LOGO%20Csatari_Levente.pdf |z Dokumentum-elérés |